000 00836nam a2200241Ia 4500
003 OSt
005 20220923225447.0
006 a|||||r|||| 00| 0
007 ta
008 220922b |||||||| |||| 00| 0 hin d
024 _a268,476
037 _cTextual
040 _aARTS
_cARTS
_bhin
041 _2hin
_ahin
082 _aQ2x, 152L6
100 _aनेमिचन्द्र, संपा.
245 0 _aअध्यात्म सार, अनु पद्मविजय
246 _aAdhyātma sāra, anu0 padmavijaya
260 _aदिल्ली
_b श्रीनिग्रन्थ साहित्य प्रकाशन
_c1976
650 _aहिन्दू धर्म
942 _hQ2x, 152L6
_cTEXL
_2CC
999 _c378391
_d378391